01072 a2200181 4500003000500000005001700005020002500022040000900047082001600056100002100072245008600093250001200179260005800191300002300249505056400272650003400836700002000870Nust20221122114717.0 a0-13-700510-5 (inb.) cNust a621.381,TOC1 aTocci, Ronald J.00aDigital systems :bprinciples and applications /cRonald J. Tocci, Neal S. Widmer a7th ed. aUpper Saddle River, N.J. :bPrentice Hall,ccop. 1997 a898pbill. ;c24cm aIntroductory to Concepts (Page-2), Number Systems and Cods (Page-24), Logic Gates and Boolean Algebra (Page-56), Combinational Logic Circuits (Page-112), Flip Flops and Related Devices (Page-180), Digital Arithmetic :Operations and Circuits (Page-262), Counters and Register (Page-318), Integrated Circuits Logic Families (Page-414), MSI Logic Circuits (Page-510), Interfacing with the Analog World (Page-602), Memory Devices (Page-670), Application of a Programmable Logic Devices (Page-772), Introduction to the Microprocessor and Microcomputers (Page-804). 7aTelecommunication Engineering1 aWidmer, Neal S.